| 000 | 00474nam a2200193 a 4500 | ||
|---|---|---|---|
| 001 | 1756624039654 | ||
| 003 | ACL | ||
| 005 | 20250831124002.0 | ||
| 008 | 250831s2007##################000#0#eng## | ||
| 020 | _a9788188204928 | ||
| 082 | 0 | 4 |
_a759.954 _bHOS |
| 100 | 1 |
_aHoskote, Ranjit, _eauthor. |
|
| 245 | 1 | 0 | _aThe Dancer on the Horse : |
| 260 |
_bMapin Publishing Pvt Ltd, _c2007. |
||
| 300 | _a136 pages | ||
| 650 | 0 | _aArt. | |
| 942 | _cENGLISH | ||
| 040 |
_aACL _beng _cACL |
||
| 999 |
_c584606 _d584606 |
||